Slovensko pomôže zmeniť imidž Kia
Ciele Kia na Slovensku - výroba aút najvyššej kvality v Európe. Kombinácia výrobného potenciálu a technologického vývoja Kia s usilovnosťou a zručnosťou Slovákov. Automobilka chce byť konkurencieschopná v cene, kvalite i servise. Orientácia Kia na trh v USA, ale aj v Európe. Kvalita a imidž. Šanca p...
Salvato in:
| Autore principale: | |
|---|---|
| Altri autori: | |
| Natura: | Capitolo di libro |
| Lingua: | slovacco |
| Soggetti: | |
| Tags: |
Nessun Tag, puoi essere il primo ad aggiungerne!!
|
MARC
| LEADER | 00000naa$a2200000$$$4500 | ||
|---|---|---|---|
| 001 | 0007619 | ||
| 005 | 20231009074537.3 | ||
| 041 | 0 | |a slo | |
| 044 | |a SK | ||
| 245 | 1 | 0 | |a Slovensko pomôže zmeniť imidž Kia |c aut. Roman Schönwiesner, Martin Jesný |
| 520 | |a Ciele Kia na Slovensku - výroba aút najvyššej kvality v Európe. Kombinácia výrobného potenciálu a technologického vývoja Kia s usilovnosťou a zručnosťou Slovákov. Automobilka chce byť konkurencieschopná v cene, kvalite i servise. Orientácia Kia na trh v USA, ale aj v Európe. Kvalita a imidž. Šanca pre Slovákov. | ||
| 610 | 2 | 0 | |a priemysel automobilový |
| 610 | 2 | 0 | |a konkurencieschopnosť |
| 610 | 2 | 0 | |a ceny |
| 610 | 2 | 0 | |a kvalita |
| 610 | 2 | 0 | |a servis |
| 610 | 2 | 0 | |a imidž |
| 610 | 2 | 0 | |a trh |
| 610 | 2 | 0 | |a USA |
| 610 | 2 | 0 | |a Európa |
| 610 | 2 | 0 | |a Kia Motors |
| 100 | 1 | |a Schönwiesner, Roman | |
| 700 | 1 | |a Jesný, Martin | |